Vegetative propagation on ochna integerrima at forestry research study nursery royal university of agriculture, ការផលិតរុក្ខជាតិអង្គាសីលដោយកាត់មែកផ្សាំនៅស្ថានីយ៍សិក្សាស្រាវជ្រាវព្រៃឈើនៃស.វ.ភ.ក (Record no. 3376)
[ view plain ]
| 000 -LEADER | |
|---|---|
| fixed length control field | 00716nam a22001577a 4500 |
| 003 - CONTROL NUMBER IDENTIFIER | |
| control field | OSt |
| 005 - DATE AND TIME OF LATEST TRANSACTION | |
| control field | 20230313171213.0 |
| 008 - FIXED-LENGTH DATA ELEMENTS--GENERAL INFORMATION | |
| fixed length control field | 151112b xxu||||| |||| 00| 0 eng d |
| 040 ## - CATALOGING SOURCE | |
| Transcribing agency | RUA |
| 082 ## - DEWEY DECIMAL CLASSIFICATION NUMBER | |
| Classification number | FOR |
| Edition number | BUN 2008 B135 Or.1 |
| 100 ## - MAIN ENTRY--PERSONAL NAME | |
| 9 (RLIN) | 3625 |
| Personal name | BUN, CHAMROEUN. |
| 245 ## - TITLE STATEMENT | |
| Title | Vegetative propagation on ochna integerrima at forestry research study nursery royal university of agriculture, ការផលិតរុក្ខជាតិអង្គាសីលដោយកាត់មែកផ្សាំនៅស្ថានីយ៍សិក្សាស្រាវជ្រាវព្រៃឈើនៃស.វ.ភ.ក |
| 260 ## - PUBLICATION, DISTRIBUTION, ETC. (IMPRINT) | |
| Place of publication, distribution, etc. | Phnom Penh |
| Name of publisher, distributor, etc. | RUA |
| Date of publication, distribution, etc. | 2008 |
| 300 ## - PHYSICAL DESCRIPTION | |
| Extent | xiii; 76p. |
| Other physical details | ill. |
| Dimensions | 29cm. |
| 942 ## - ADDED ENTRY ELEMENTS (KOHA) | |
| Source of classification or shelving scheme | |
| Koha item type | FOR |
| Price effective from | Date last seen | Permanent Location | Not for loan | Date acquired | Source of classification or shelving scheme | Koha item type | Lost status | Withdrawn status | Date last checked out | Total Checkouts | Shelving location | Damaged status | Barcode | Current Location | Full call number |
|---|---|---|---|---|---|---|---|---|---|---|---|---|---|---|---|
| 2015-11-12 | 2015-11-12 | Library Block B | 2015-11-12 | FOR | B135 | RUA026908 | Library Block B | FOR BUN 2008 B135 Or.1 | |||||||
| 2015-11-12 | 2019-04-02 | Library Block B | 2015-11-12 | FOR | 2019-02-27 | 1 | B135 | RUA026694 | Library Block B | FOR BUN 2008 B135 Or.2 | |||||
| 2015-11-12 | 2016-06-14 | Library Block B | 2015-11-12 | FOR | 2016-06-14 | 1 | B135 | RUA026910 | Library Block B | FOR BUN 2008 B135 Or.3 | |||||
| 2015-11-12 | 2015-11-12 | Library Block B | 2015-11-12 | FOR | B135 | RUA026627 | Library Block B | FOR BUN 2008 B135 Or.4 | |||||||
| 2015-11-12 | 2015-11-12 | Library Block B | 2015-11-12 | FOR | B135 | RUA026838 | Library Block B | FOR BUN 2008 B135 Or.5 | |||||||
| 2015-11-12 | 2019-05-21 | Library Block B | 2015-11-12 | FOR | 2019-03-04 | 1 | B136 | RUA026766 | Library Block B | FOR BUN 2008 B136 Or.6 | |||||
| 2015-11-13 | 2017-10-28 | Library Block B | 2015-11-13 | FOR | 2017-10-03 | 1 | B135 | RUA027369 | Library Block B | FOR BUN 2008 B135 Or.7 | |||||
| 2015-11-13 | 2018-06-29 | Library Block B | 2015-11-13 | FOR | 2018-06-20 | 2 | B135 | RUA027125 | Library Block B | FOR BUN 2008 B135 Or.8 | |||||
| 2015-11-13 | 2024-08-14 | Library Block B | 2015-11-13 | FOR | 2024-07-25 | 1 | B136 | RUA027341 | Library Block B | FOR BUN 2008 B136 Or.9 | |||||
| 2015-11-13 | 2016-05-25 | Library Block B | 2015-11-13 | FOR | 2016-05-04 | 1 | B135 | RUA027371 | Library Block B | FOR BUN 2008 B135 Or.10 |